| 000 | 01886nam a22003494a 4500 | ||
|---|---|---|---|
| 001 | 416 | ||
| 003 | OSt | ||
| 005 | 20250528074019.0 | ||
| 008 | 130130s2012 spb g 000 f por | ||
| 020 | _a9788580444483 | ||
| 040 | _bpor | ||
| 041 | 1 |
_apor _heng |
|
| 082 |
_a813 _bF245t |
||
| 100 |
_aFarrell, S. L. _d1951- _9894 |
||
| 240 | 0 | 0 | _aA magic of twilight. |
| 245 | 1 | 2 |
_aO trono do sol : _ba magia da alvorada / _cS. L. Farrel ; tradução André Gordirro. - |
| 260 |
_aSão Paulo : _bLeya, _c2012. |
||
| 300 | _a574p. ; | ||
| 490 | 1 |
_aO ciclo nessântico _vvol. 01 |
|
| 500 | _aTradução de: A magic of twilight. | ||
| 520 | 3 | _aNessântico - terra de luxúria e perigos, que durante séculos influenciou povos além de suas fronteiras. Uma cidade forte, sedutora, e que mesmo sob o efeito do comércio e da guerra, abriga intelectuais, ricos e poderosos de todo o país. Governada por Marguerite ca'Ludovici, que agora prepara-se para celebrar seu Jubileu e passar o legado para seu filho Justi, a cidade assiste Jan ca'Vörl, um poderoso nobre, armar uma rebelião. Archigos Dhosti ca'Millac, líder da Fé de Concénzia e aliado de Marguerite, luta para controlar fundamentalistas como Orlandi ca'Cellibrecca, enquanto eles clamam por uma ação contra aqueles que insistem em afirmar que a magia não está ligada à fé em Cénzi. Presa no meio desta disputa por poder está a jovem sacerdotisa Ana co'Seranta, cuja impressionante habilidade com a magia a torna um peão na luta pelo poder. | |
| 650 | 0 | 0 |
_aLiteratura Americana _984 |
| 650 | 0 | 0 |
_aFantasia Épica _9902 |
| 650 | 0 | 0 |
_aMagia e poderes sobrenaturais _9903 |
| 650 | 0 | 0 |
_aLuta pelo poder _9904 |
| 650 | 0 | 0 |
_aCultura e mitologia fictícia _9905 |
| 655 | 0 |
_aRomance _923 |
|
| 655 | 0 |
_aFicção _922 |
|
| 700 |
_aGordirro, André _9896 |
||
| 830 |
_aO ciclo nessântico ; _vvol. 01 _9895 |
||
| 942 |
_2ddc _cBK |
||
| 999 |
_c416 _d416 |
||